000 00282nam a22001457a 4500
020 _a81-713-0023-S
082 _a894.812.3
100 _aBASHEER
245 _aTHARASPECIALS
260 _a2018
_bDC BOOKS
_c2018
300 _a48
520 _aNOVEL
650 _aNOVEL
942 _cBK
999 _c4739
_d4739